000 00754cam a2200217 4500
001 D15799
008 090401t1979 xxu||||| |||| 00| 0 eng d
035 _a(Sirsi) u25230
041 _aeng
050 _a711.1041
110 _aRoyal Institution of Chartered Surveyors
_bScottish Branch
_9830
245 _aPlanning policy, planning applications and enforcement of planning control: a guide to practitioners prepared by the Planning and Development Division of the Scottish Branch of RICS, December 1979
260 _bRICS
_c1979
300 _a61p. 30cm
350 _a0
490 _aPractice Note
_vno 1 (Scotland)
520 _aFiled in box 1979/54 ABC
710 _aPlanning and Development Division
_9784
942 _n0
948 _c04/03/1997
999 _c88698
_d88698